| 000 | 00763nam a22002537a 4500 | ||
|---|---|---|---|
| 999 |
_c18163 _d18163 |
||
| 003 | AR-CdUCM | ||
| 008 | 190513b ||||| |||| 00| 0 spa d | ||
| 020 | _a84-7-053-122-0 | ||
| 040 |
_aMUNICIPALIDAD PROVINCIAL DEL CUSCO _cBIBLIOTECA MUNICIPAL DEL CUSCO |
||
| 041 | _hrus | ||
| 082 |
_a869.56 / _bES79 |
||
| 100 |
_aEsenin, Serguei _911765 |
||
| 245 | _aEl ultimo poeta del campo / | ||
| 260 |
_aMadrid : _bVisor, _c1974. |
||
| 300 |
_a81 páginas ; _c20 cm. |
||
| 440 |
_aColección visor de poesía ; _n2 _938595 |
||
| 505 | _aContenido: Poesía | ||
| 650 |
_aLiteratura rusa _99988 |
||
| 650 |
_aPoesías _92272 |
||
| 650 |
_aSiglo XX. _98 |
||
| 700 |
_aFernandez Sanchez, Jose (traductor) _938596 |
||
| 942 |
_2ddc _cLIBROS |
||
| 945 |
_aacv _d2019-05-13 |
||